Central Library OPAC University of Rajshahi

শরৎচন্দ্র / (Record no. 44884)

MARC details
000 -LEADER
fixed length control field 00999nam a2200265 a 4500
001 - CONTROL NUMBER
control field 44884
003 - CONTROL NUMBER IDENTIFIER
rucl marc code BD-RjUL
005 - DATE AND TIME OF LATEST TRANSACTION
control field 20211209053930.0
008 - FIXED-LENGTH DATA ELEMENTS--GENERAL INFORMATION
fixed length control field 160720m19721965i a|||| |||| 00| 0 ben d
020 ## - INTERNATIONAL STANDARD BOOK NUMBER
International Standard Book Number : IRs 16.00 (v-1)
035 ## - SYSTEM CONTROL NUMBER
System control number (BD-RjUL)45002
040 ## - CATALOGING SOURCE
Original cataloging agency BD-RjUL
Language of cataloging ben
Transcribing agency BD-RjUL
041 ## - LANGUAGE CODE
Language code of text/sound track or separate title ben
082 ## - DEWEY DECIMAL CLASSIFICATION NUMBER
Edition number 23
Classification number 891.44092
Author mark and year ROS 1972
100 1# - MAIN ENTRY--PERSONAL NAME
Personal name রায়, গোপাল চন্দ্র
9 (RLIN) 137534
245 10 - TITLE STATEMENT
Title শরৎচন্দ্র /
Statement of responsibility, etc. গোপাল চন্দ্র রায়
260 ## - PUBLICATION, DISTRIBUTION, ETC. (IMPRINT)
Place of publication, distribution, etc. কলিকাতা :
Name of publisher, distributor, etc. সাহিত্য সদন,
Date of publication, distribution, etc. ১৯৬৫-১৯৭২
300 ## - PHYSICAL DESCRIPTION
Pagination খণ্ড. :
Illustrations চিত্র ;
Size ২০ সেমি.
505 0# - FORMATTED CONTENTS NOTE
Formatted contents note খণ্ড ১ -- -খণ্ড. -- খন্ড. ৩ --
600 ## - SUBJECT ADDED ENTRY--PERSONAL NAME
Personal name শরৎচন্দ্র
Personal name Shorotchandra
650 ## - SUBJECT ADDED ENTRY--TOPICAL TERM
Topical term or geographic name as entry element বাংলা লেখক
General subdivision জীবনী
9 (RLIN) 137537
Topical term or geographic name as entry element Bengali Writer
General subdivision Biography
9 (RLIN) 137538
942 ## - ADDED ENTRY ELEMENTS (KOHA)
Source of classification or shelving scheme Dewey Decimal Classification
Koha item type Books
Holdings
Lost status Source of classification or shelving scheme Damaged status Not for loan Collection code Permanent Location Current Location Shelving location Date acquired Cost, normal purchase price Total Checkouts Full call number Date last seen Copy number Koha item type Source of acquisition Coded location qualifier
  Dewey Decimal Classification     Non-fiction Central Library, University of Rajshahi Central Library, University of Rajshahi   26/09/1973 20.00   B 891.44092 ROS V-2 1972 20/07/2016 C-2 Books    
  Dewey Decimal Classification     Non-fiction Central Library, University of Rajshahi Central Library, University of Rajshahi   14/08/1973     B 891.44092 ROS V-1 1965 20/09/2016 C-2 Books Paragon Enterprises Dhaka  
  Dewey Decimal Classification   Not For Loan Non-fiction Central Library, University of Rajshahi Central Library, University of Rajshahi Reading Room 26/05/1973 18.75   B 891.44092 ROS V-3 1969 16/02/2017 C-1 Books Raj. sonchita  
  Dewey Decimal Classification     Non-fiction Central Library, University of Rajshahi Central Library, University of Rajshahi   07/12/1971     B 891.44092 ROS V-3 1969 01/03/2017 C-2 Books Indian, High Commission  
  Dewey Decimal Classification   Not For Loan Non-fiction Central Library, University of Rajshahi Central Library, University of Rajshahi Reading Room 26/05/1973     B 891.44092 ROS V-1 1965 25/08/2021 C-1 Books 1973-05-26 Sonhoti